Cesare Ripa in the Netherlands (1644-1750) a gender view /

Elmentve itt :
Bibliográfiai részletek
Szerző: Sneller A. Ágnes
Dokumentumtípus: Könyv része
Megjelent: 2008
Sorozat:Acta Universitatis Szegediensis de Attila József nominatae : papers in english and american studies 15 No. 1
Papers in English and American studies : Tomus XV. 1. - The iconology of gender : Eastern and Western traditions of European iconography 3. 15 No. 1
Kulcsszavak:Ikonológia - képzőművészet - 16-17. sz., Ikonográfia, Cesare Ripa
Tárgyszavak:
Online Access:http://acta.bibl.u-szeged.hu/68793
LEADER 01144naa a2200241 i 4500
001 acta68793
005 20250124111151.0
008 250121s2008 hu o 000 eng d
020 |a 978-963-482-874-7 
022 |a 0230-2780 
040 |a SZTE Egyetemi Kiadványok Repozitórium  |b hun 
041 |a eng 
100 1 |a Sneller A. Ágnes 
245 1 0 |a Cesare Ripa in the Netherlands (1644-1750)   |h [elektronikus dokumentum] :  |b a gender view /  |c  Sneller A. Ágnes 
260 |c 2008 
300 |a 101-108 
490 0 |a Acta Universitatis Szegediensis de Attila József nominatae : papers in english and american studies  |v 15 No. 1 
490 0 |a Papers in English and American studies : Tomus XV. 1. - The iconology of gender : Eastern and Western traditions of European iconography 3.  |v 15 No. 1 
650 4 |a Bölcsészettudományok 
650 4 |a Művészetek (művészetek, művészettörténet, előadóművészetek, zene) 
650 4 |a Művészetek, művészettörténet 
695 |a Ikonológia - képzőművészet - 16-17. sz., Ikonográfia, Cesare Ripa 
856 4 0 |u http://acta.bibl.u-szeged.hu/68793/1/papers_015_001_101-108.pdf  |z Dokumentum-elérés